[Event "Hamburg-chT Landesliga 2122"]
[Site "Hamburg"]
[Date "2022.05.08"]
[Round "9.5"]
[White "Schroeter, Baldur"]
[Black "Emami, Madjid"]
[Result "1-0"]
[WhiteElo "2020"]
[BlackElo "1971"]
[PlyCount "83"]
[EventDate "2021.10.31"]
[EventType "team-tourn"]
[EventRounds "9"]
[EventCountry "GER"]
[SourceTitle "EXT 2023"]
[Source "ChessBase"]
[SourceDate "2022.10.05"]
[SourceVersion "1"]
[SourceVersionDate "2022.10.05"]
[SourceQuality "1"]
[WhiteTeam "Hamburg Koenigsspringer II"]
[BlackTeam "Hamburger SK V"]
[WhiteTeamCountry "GER"]
[BlackTeamCountry "GER"]

1. e4 g6 2. d4 Bg7 3. Nc3 c6 4. Be3 d5 5. Qd2 Nf6 6. e5 Ng4 7. Bf4 h5 8. 0-0-0 Nh6 9. Kb1 Na6 10. Nf3 Bg4 11. Be2 e6 12. h3 Bxf3 13. Bxf3 b5 14. Be2 h4 15. Bg5 Qa5 16. Nxb5 Qxd2 17. Nd6+ Kd7 18. Bxd2 Nc7 19. Bxh6 Bxh6 20. Nxf7 Rh7 21. Bd3 Bf8 22. Ng5 Rg7 23. g3 hxg3 24. fxg3 Be7 25. h4 c5 26. c3 Rb8 27. dxc5 Bxc5 28. Rhf1 Be3 29. Rf6 Bxg5 30. hxg5 Rbg8 31. Rdf1 Ke7 32. Rh1 Ne8 33. Rf4 Kd8 34. Kc2 Kc7 35. Bb5 Kd8 36. Bxe8 Kxe8 37. Rf6 Ke7 38. Kd3 Rb8 39. b3 Rbg8 40. Rh6 Rf8 41. Rxf8 Kxf8 42. Rh8+ 1-0

[Event "Hamburg-ch Seniors 65+"]
[Site "Hamburg"]
[Date "2018.11.08"]
[Round "9"]
[White "Dangelowski, Peter"]
[Black "Emami, Madjid"]
[Result "0-1"]
[WhiteElo "1786"]
[BlackElo "1977"]
[PlyCount "72"]
[EventDate "2018.10.31"]
[EventType "swiss"]
[EventRounds "9"]
[EventCountry "GER"]
[SourceTitle "CBM 189 Extra"]
[Source "ChessBase"]
[SourceDate "2019.06.03"]
[SourceVersion "1"]
[SourceVersionDate "2019.06.03"]
[SourceQuality "1"]

1. d4 c5 2. d5 d6 3. Nc3 g6 4. e4 Bg7 5. Bd2 Nf6 6. Bd3 0-0 7. Nge2 a6 8. a4 Nbd7 9. f4 e6 10. a5 exd5 11. exd5 Re8 12. 0-0 b5 13. Ng3 c4 14. Be2 Nc5 15. Bf3 Bb7 16. Be1 b4 17. Na2 b3 18. Nc3 bxc2 19. Qxc2 Nb3 20. Rd1 Qxa5 21. f5 Qc7 22. h4 Nc5 23. fxg6 fxg6 24. h5 Nd3 25. hxg6 hxg6 26. Rxd3 cxd3 27. Qxd3 Qe7 28. Qxg6 Qe3+ 29. Bf2 Qh6 30. Qd3 Bc8 31. Bd4 Ng4 32. Bxg4 Bxg4 33. Nce4 Rf8 34. Bxg7 Qxg7 35. Nxd6 Rxf1+ 36. Kxf1 Rf8+ 0-1

[Event "Hamburg-ch Seniors 65+"]
[Site "Hamburg"]
[Date "2018.11.06"]
[Round "7"]
[White "Schulz, Hans Juergen"]
[Black "Emami, Madjid"]
[Result "1-0"]
[WhiteElo "1794"]
[BlackElo "1977"]
[PlyCount "85"]
[EventDate "2018.10.31"]
[EventType "swiss"]
[EventRounds "9"]
[EventCountry "GER"]
[SourceTitle "CBM 189 Extra"]
[Source "ChessBase"]
[SourceDate "2019.06.03"]
[SourceVersion "1"]
[SourceVersionDate "2019.06.03"]
[SourceQuality "1"]

1. e4 g6 2. d4 Bg7 3. Be2 c5 4. d5 d6 5. Nc3 Bxc3+ 6. bxc3 Nf6 7. f3 a6 8. Be3 h5 9. h4 Nbd7 10. Bf4 Qc7 11. Qd2 Ne5 12. Nh3 Bd7 13. Ng5 Bb5 14. Bxe5 dxe5 15. c4 Ba4 16. 0-0 b6 17. Qc3 0-0 18. f4 exf4 19. e5 Nh7 20. Nxh7 Kxh7 21. Rxf4 f5 22. Raf1 Be8 23. g4 hxg4 24. Bxg4 Rg8 25. Bf3 Rd8 26. Kh1 e6 27. Qe3 Qg7 28. dxe6 Qh6 29. Bg2 Rd4 30. Qf2 Rxf4 31. Qxf4 Qxf4 32. Rxf4 Ba4 33. c3 Re8 34. Bf1 Kh6 35. Kh2 a5 36. Rf2 Rb8 37. Kg3 Kg7 38. Kf4 Kh6 39. Rh2 Be8 40. Rb2 Ba4 41. Kf3 Be8 42. Rd2 a4 43. e7 1-0

[Event "Hamburg-ch Seniors 65+"]
[Site "Hamburg"]
[Date "2018.11.03"]
[Round "4"]
[White "Emami, Madjid"]
[Black "Grube, Bernd"]
[Result "1-0"]
[WhiteElo "1977"]
[BlackElo "1601"]
[PlyCount "75"]
[EventDate "2018.10.31"]
[EventType "swiss"]
[EventRounds "9"]
[EventCountry "GER"]
[SourceTitle "CBM 189 Extra"]
[Source "ChessBase"]
[SourceDate "2019.06.03"]
[SourceVersion "1"]
[SourceVersionDate "2019.06.03"]
[SourceQuality "1"]

1. Nf3 b6 2. e4 Bb7 3. d3 d6 4. Be2 e5 5. 0-0 Be7 6. Nc3 h6 7. d4 exd4 8. Nxd4 Nf6 9. Nf5 Bf8 10. Bc4 g6 11. Ng3 Bg7 12. f4 Nbd7 13. Re1 0-0 14. e5 dxe5 15. fxe5 Nxe5 16. Rxe5 Qxd1+ 17. Nxd1 Rfe8 18. Rxe8+ Rxe8 19. Bd2 Ne4 20. Nxe4 Rxe4 21. Bd3 Rg4 22. g3 Bf3 23. c3 Bf8 24. Be3 Bd6 25. Nf2 Ra4 26. a3 Ra5 27. Re1 Re5 28. Bd2 Rxe1+ 29. Bxe1 Bc5 30. Bd2 Kg7 31. b4 Bd6 32. Be3 c5 33. bxc5 bxc5 34. c4 f5 35. Bf1 h5 36. Nd3 h4 37. Kf2 Bd1 38. Nxc5 1-0

[Event "Hamburg-ch Seniors 50+"]
[Site "Hamburg"]
[Date "2018.10.27"]
[Round "5"]
[White "Floren, Dieter"]
[Black "Emami, Madjid"]
[Result "0-1"]
[WhiteElo "1740"]
[BlackElo "1993"]
[PlyCount "62"]
[EventDate "2018.10.23"]
[EventType "swiss"]
[EventRounds "7"]
[EventCountry "GER"]
[SourceTitle "CBM 190 Extra"]
[Source "ChessBase"]
[SourceDate "2019.07.15"]
[SourceVersion "1"]
[SourceVersionDate "2019.07.15"]
[SourceQuality "1"]

1. e4 g6 2. d4 Bg7 3. c3 d6 4. Be3 Nf6 5. Bd3 Ng4 6. Bc1 c5 7. h3 Nf6 8. Nf3 0-0 9. 0-0 Nfd7 10. Bg5 h6 11. Be3 Nc6 12. Na3 a6 13. Nc2 b5 14. b3 Kh7 15. Qd2 Qc7 16. Rac1 Bb7 17. Nh2 Qa5 18. a3 cxd4 19. b4 dxe3 20. Nxe3 Qd8 21. f4 e6 22. f5 Qe7 23. Qf2 Nce5 24. Bb1 Nf6 25. g4 Bxe4 26. Bxe4 Nxe4 27. Qf4 d5 28. Ng2 Nd3 29. Qf3 Nxc1 30. Rxc1 Bf6 31. Nf4 Bg5 0-1

[Event "Hamburg-ch Seniors 50+"]
[Site "Hamburg"]
[Date "2018.10.24"]
[Round "2"]
[White "Emami, Madjid"]
[Black "Olschok, Juergen"]
[Result "0-1"]
[WhiteElo "1993"]
[BlackElo "1800"]
[PlyCount "78"]
[EventDate "2018.10.23"]
[EventType "swiss"]
[EventRounds "7"]
[EventCountry "GER"]
[SourceTitle "CBM 190 Extra"]
[Source "ChessBase"]
[SourceDate "2019.07.15"]
[SourceVersion "1"]
[SourceVersionDate "2019.07.15"]
[SourceQuality "1"]

1. Nf3 Nf6 2. g3 d5 3. Bg2 Bg4 4. Ne5 Qd6 5. d4 Nbd7 6. Nc3 e6 7. Nxg4 Nxg4 8. e4 h5 9. exd5 exd5 10. Nxd5 Qe6+ 11. Qe2 Qxe2+ 12. Kxe2 Bd6 13. h3 Nh6 14. Nf4 0-0-0 15. Rd1 Nf5 16. Kf1 Nb6 17. c3 g6 18. Nd3 f6 19. Bf4 g5 20. Bxd6 Nxd6 21. Re1 Rhe8 22. Rxe8 Rxe8 23. Re1 Rxe1+ 24. Kxe1 c6 25. b3 Kc7 26. Kd2 Nd7 27. Bf3 h4 28. gxh4 gxh4 29. Nf4 Nf8 30. Kd3 f5 31. c4 Nf7 32. Bg2 b6 33. d5 cxd5 34. cxd5 Kd6 35. Kd4 Ne5 36. Nd3 Nfg6 37. Nxe5 Nxe5 38. Ke3 Ng6 39. Kd3 Nf4+ 0-1

[Event "Blankenese op 2nd"]
[Site "Hamburg"]
[Date "2018.10.02"]
[Round "6.14"]
[White "Emami, Madjid"]
[Black "Poschadel, Andreas Gregor"]
[Result "1-0"]
[WhiteElo "1977"]
[BlackElo "1848"]
[PlyCount "119"]
[EventDate "2018.09.29"]
[EventType "swiss"]
[EventRounds "7"]
[EventCountry "GER"]
[SourceTitle "EXT 2020"]
[Source "ChessBase"]
[SourceDate "2019.10.17"]
[SourceVersion "1"]
[SourceVersionDate "2019.10.17"]
[SourceQuality "1"]

1. Nf3 d5 2. g3 c6 3. Bg2 Bg4 4. h3 Bxf3 5. Bxf3 Nd7 6. Bg2 e6 7. 0-0 Bd6 8. d3 Ne7 9. e3 Qc7 10. Nc3 0-0 11. Ne2 Rfe8 12. b3 Be5 13. d4 Bd6 14. c4 Ng6 15. Qc2 Nf6 16. Nf4 Rac8 17. c5 Bf8 18. Nxg6 hxg6 19. b4 e5 20. dxe5 Rxe5 21. Bb2 Re6 22. Rae1 a5 23. a3 axb4 24. axb4 Ne4 25. Bd4 Nf6 26. Ra1 Nd7 27. Ra2 Nb8 28. b5 Ree8 29. b6 Qe7 30. h4 Na6 31. Ra5 Ra8 32. Rfa1 Reb8 33. Qb2 Qd8 34. Bf1 Qc8 35. Bxa6 Rxa6 36. Rxa6 bxa6 37. Be5 Rb7 38. Rxa6 Bxc5 39. Bxg7 Rb8 40. Bh6 Bf8 41. Bxf8 Qxf8 42. b7 c5 43. Qb5 d4 44. exd4 cxd4 45. Qd5 Kh7 46. Ra8 d3 47. Rxb8 Qxb8 48. Qxf7+ Kh6 49. Kf1 d2 50. Ke2 Qe5+ 51. Kxd2 Qb2+ 52. Ke3 Qb6+ 53. Kf3 Qc6+ 54. Kg4 Qa4+ 55. Qf4+ Qxf4+ 56. Kxf4 g5+ 57. hxg5+ Kg6 58. b8Q Kf7 59. Kf5 Kg7 60. Qb7+ 1-0

[Event "Hamburg-ch"]
[Site "Hamburg"]
[Date "2016.05.21"]
[Round "8"]
[White "Mandelbaum, Peter Rene"]
[Black "Emami, Madjid"]
[Result "1/2-1/2"]
[WhiteElo "2132"]
[BlackElo "1976"]
[PlyCount "100"]
[EventDate "2016.05.14"]
[EventType "swiss"]
[EventRounds "9"]
[EventCountry "GER"]
[SourceTitle "EXT 2018"]
[Source "ChessBase"]
[SourceDate "2017.10.13"]
[SourceVersion "1"]
[SourceVersionDate "2017.10.13"]
[SourceQuality "1"]

1. e4 g6 2. d4 Bg7 3. Nc3 d6 4. Be3 c6 5. h3 Nd7 6. Qd2 Qc7 7. f4 e5 8. fxe5 dxe5 9. d5 Ngf6 10. 0-0-0 0-0 11. Nf3 Re8 12. g4 Qa5 13. Qf2 Nb6 14. Nd2 Nbd7 15. dxc6 bxc6 16. Nc4 Qc7 17. Nd6 Rf8 18. Bc4 Nb6 19. Bb3 Ba6 20. Bc5 Bh6+ 21. Kb1 Bf4 22. Qf3 Nfd7 23. Be3 c5 24. a3 c4 25. Ba2 Rab8 26. Bxf4 exf4 27. Qxf4 Nc5 28. Ka1 Nca4 29. Nxa4 Nxa4 30. Qf6 Rxb2 31. Nf5 Rxa2+ 32. Kxa2 gxf5 33. gxf5 Rb8 34. Rhg1+ Kf8 35. Qxa6 Nc3+ 36. Ka1 Nxd1 37. Qh6+ Ke7 38. Qg5+ Ke8 39. Qg8+ Ke7 40. Qg5+ Ke8 41. Qf6 Ne3 42. Rg8+ Kd7 43. Qxf7+ Kc6 44. Qf6+ Kc5 45. Rxb8 Qxb8 46. Qc3 Qf4 47. Qa5+ Kd4 48. Qxa7+ Kxe4 49. Qe7+ Kxf5 50. Qd7+ Ke5 1/2-1/2

[Event "Hamburg-ch"]
[Site "Hamburg"]
[Date "2016.05.20"]
[Round "7"]
[White "Emami, Madjid"]
[Black "Buchholz, Robert"]
[Result "0-1"]
[WhiteElo "1976"]
[BlackElo "2002"]
[PlyCount "136"]
[EventDate "2016.05.14"]
[EventType "swiss"]
[EventRounds "9"]
[EventCountry "GER"]
[SourceTitle "EXT 2018"]
[Source "ChessBase"]
[SourceDate "2017.10.13"]
[SourceVersion "1"]
[SourceVersionDate "2017.10.13"]
[SourceQuality "1"]

1. Nf3 d5 2. b3 Nf6 3. Bb2 g6 4. e3 Bg7 5. Be2 c5 6. 0-0 0-0 7. c4 b6 8. cxd5 Bb7 9. Qc2 Bxd5 10. d3 e6 11. Nbd2 Nbd7 12. Rac1 Rc8 13. Qb1 Bb7 14. Rc2 Qe7 15. Qa1 Rfe8 16. Nc4 Nh5 17. Rfc1 Bxb2 18. Qxb2 e5 19. Ncd2 Nhf6 20. a3 e4 21. dxe4 Nxe4 22. Nxe4 Bxe4 23. Rd2 Bc6 24. Rcd1 Rc7 25. Rd6 Ne5 26. Nxe5 Qxe5 27. Qxe5 Rxe5 28. h4 Ree7 29. Kh2 Kg7 30. g4 h6 31. Kg3 g5 32. hxg5 hxg5 33. a4 Be8 34. R1d5 f6 35. Bc4 Rcd7 36. Rd3 Rxd6 37. Rxd6 Rd7 38. Rxd7+ Bxd7 39. f4 Bc6 40. Kf2 Kf8 41. Bd3 Bd5 42. Bc4 Be4 43. Ke2 Ke7 44. Bd3 Bd5 45. Bc4 Bc6 46. Bb5 Bb7 47. Kd2 Bf3 48. Be2 Bb7 49. Kc3 Kd6 50. Bd1 Be4 51. Be2 Bd5 52. Bd1 a6 53. Be2 Kc7 54. Bd1 b5 55. axb5 axb5 56. Be2 Kd6 57. b4 Be6 58. Bd1 Bc4 59. Bf3 Bf1 60. Be4 Be2 61. Bf5 Bf3 62. Bc8 Be2 63. Bf5 Bf3 64. Bc8 Be4 65. Ba6 Bc6 66. Bc8 c4 67. Bf5 Bd7 68. fxg5 Bxf5 0-1

[Event "Hamburg-ch"]
[Site "Hamburg"]
[Date "2016.05.18"]
[Round "5"]
[White "Brandt, Carina"]
[Black "Emami, Madjid"]
[Result "1-0"]
[WhiteElo "1998"]
[BlackElo "1976"]
[PlyCount "165"]
[EventDate "2016.05.14"]
[EventType "swiss"]
[EventRounds "9"]
[EventCountry "GER"]
[SourceTitle "EXT 2018"]
[Source "ChessBase"]
[SourceDate "2017.10.13"]
[SourceVersion "1"]
[SourceVersionDate "2017.10.13"]
[SourceQuality "1"]

1. e4 g6 2. d4 d6 3. Nf3 Bg7 4. Nc3 Nf6 5. Be2 0-0 6. Be3 Bg4 7. Qd2 Nc6 8. h3 Bxf3 9. gxf3 e5 10. d5 Ne7 11. 0-0-0 Nh5 12. Rdg1 c6 13. dxc6 Nxc6 14. Rd1 Nd4 15. Nd5 Rc8 16. c3 Re8 17. Kb1 Nc6 18. Bb5 a6 19. Bb6 Qh4 20. Rdg1 Nf4 21. Rg4 Qh6 22. Ba4 Nxd5 23. Qxd5 Bf8 24. h4 Qg7 25. h5 Qf6 26. hxg6 hxg6 27. Rhg1 Re6 28. Bb3 Rce8 29. Qd1 Bg7 30. Be3 Qd8 31. Bxe6 Rxe6 32. Rh1 Na5 33. Bh6 Bxh6 34. Rxh6 Qb6 35. Qe2 Rf6 36. Rgh4 Kf8 37. Rh8+ Ke7 38. Rc8 Nc6 39. Rhh8 Rf4 40. Kc2 Qc5 41. Kd1 Kf6 42. Rh7 b5 43. Rc7 Ke6 44. Qd3 Nb4 45. Rxc5 Nxd3 46. Rc6 Nxb2+ 47. Ke2 Na4 48. Rh8 Kd7 49. Rhc8 Nc5 50. R8c7+ Ke6 51. Ra7 g5 52. Rcc7 f5 53. Re7+ Kf6 54. Rf7+ Kg6 55. exf5+ Rxf5 56. Rxf5 Kxf5 57. Ra8 Ke6 58. Rg8 Kf6 59. Ke3 Kf5 60. Kd2 Kf6 61. Kc2 Kf5 62. Rh8 Ke6 63. Rh6+ Kd5 64. Rg6 a5 65. Rxg5 Kc4 66. Rg4+ Kd5 67. f4 e4 68. Rg5+ Ke6 69. Kd2 d5 70. Ke3 Nd3 71. Rg6+ Kf5 72. Rg8 b4 73. Rf8+ Ke6 74. cxb4 axb4 75. Rb8 Kf5 76. f3 Nxf4 77. Rf8+ Ke5 78. fxe4 d4+ 79. Kf3 Nd3 80. Rf5+ Ke6 81. Rd5 Ne5+ 82. Ke2 Ng6 83. Rxd4 1-0

[Event "Hamburg-ch"]
[Site "Hamburg"]
[Date "2016.05.17"]
[Round "4"]
[White "Reddmann, Hauke"]
[Black "Emami, Madjid"]
[Result "1-0"]
[WhiteElo "2250"]
[BlackElo "1976"]
[PlyCount "75"]
[EventDate "2016.05.14"]
[EventType "swiss"]
[EventRounds "9"]
[EventCountry "GER"]
[SourceTitle "EXT 2018"]
[Source "ChessBase"]
[SourceDate "2017.10.13"]
[SourceVersion "1"]
[SourceVersionDate "2017.10.13"]
[SourceQuality "1"]

1. c4 e5 2. g3 Nf6 3. Bg2 Be7 4. Nc3 0-0 5. Nf3 d6 6. d4 Nbd7 7. 0-0 c6 8. b3 Qc7 9. Bb2 Re8 10. Qc2 Bf8 11. e4 exd4 12. Nxd4 Ne5 13. h3 h5 14. f4 Ng6 15. Rad1 Bd7 16. Nce2 Rad8 17. Nf5 Bxf5 18. exf5 Ne7 19. Bf3 d5 20. g4 hxg4 21. hxg4 Ne4 22. cxd5 Nxd5 23. Rxd5 Rxd5 24. Bxe4 Bc5+ 25. Kg2 Qe7 26. Ng3 Rdd8 27. f6 gxf6 28. Rh1 Qd6 29. Bc3 Qxf4 30. Bf3 Re5 31. Qh7+ Kf8 32. Qh6+ Qxh6 33. Rxh6 Kg7 34. Rh1 Ree8 35. Nf5+ Kg8 36. Bxf6 Rd2+ 37. Kg3 Bf2+ 38. Kf4 1-0

[Event "Hamburg-ch"]
[Site "Hamburg"]
[Date "2016.05.16"]
[Round "3"]
[White "Emami, Madjid"]
[Black "Rudolph, Jens Erik"]
[Result "1-0"]
[WhiteElo "1976"]
[BlackElo "1981"]
[PlyCount "77"]
[EventDate "2016.05.14"]
[EventType "swiss"]
[EventRounds "9"]
[EventCountry "GER"]
[SourceTitle "EXT 2018"]
[Source "ChessBase"]
[SourceDate "2017.10.13"]
[SourceVersion "1"]
[SourceVersionDate "2017.10.13"]
[SourceQuality "1"]

1. Nf3 f5 2. g3 Nf6 3. Bg2 e6 4. 0-0 Be7 5. d3 d6 6. Nc3 Nc6 7. e4 e5 8. Bg5 0-0 9. Nh4 f4 10. Nf5 h6 11. Bxf6 Bxf6 12. Nd5 Bxf5 13. exf5 Nd4 14. Be4 Qd7 15. c3 Nxf5 16. Qg4 Bd8 17. gxf4 Qf7 18. fxe5 dxe5 19. Ne3 Nxe3 20. fxe3 Qe8 21. Rxf8+ Kxf8 22. Rf1+ Bf6 23. Bg6 Qc6 24. Qb4+ Qd6 25. Qxb7 Rd8 26. Qxa7 Kg8 27. Qb7 Bg5 28. Qe4 Bxe3+ 29. Kh1 Bf4 30. d4 Qa6 31. Rg1 Qxa2 32. dxe5 Bg5 33. e6 Be7 34. Qg2 Bf6 35. Bf7+ Kf8 36. e7+ Kxf7 37. exd8Q Bxd8 38. Qxg7+ Ke6 39. Qg8+ 1-0

[Event "Hamburg-ch Seniors 22nd"]
[Site "Hamburg"]
[Date "2015.11.05"]
[Round "9"]
[White "Ditmas, Hugh"]
[Black "Emami, Madjid"]
[Result "0-1"]
[WhiteElo "1905"]
[BlackElo "1970"]
[PlyCount "88"]
[EventDate "2015.10.28"]
[EventType "swiss"]
[EventRounds "9"]
[EventCountry "GER"]
[SourceTitle "EXT 2018"]
[Source "ChessBase"]
[SourceDate "2017.10.13"]
[SourceVersion "1"]
[SourceVersionDate "2017.10.13"]
[SourceQuality "1"]

1. d4 Nf6 2. c4 e6 3. Nf3 c5 4. d5 exd5 5. cxd5 d6 6. Nc3 g6 7. e4 Bg7 8. h3 0-0 9. Bd3 b5 10. Nxb5 Re8 11. 0-0 Nxe4 12. Re1 a6 13. Ng5 Nxg5 14. Rxe8+ Qxe8 15. Nxd6 Nxh3+ 16. gxh3 Qd7 17. Nxc8 Qxc8 18. Bf1 Bd4 19. Bg2 Nd7 20. Rb1 Ne5 21. Be3 Qf5 22. b3 Re8 23. Bxd4 cxd4 24. Rb2 d3 25. Rd2 Rc8 26. Qe1 Rc2 27. Qd1 Qg5 28. Rxc2 dxc2 29. Qxc2 Nf3+ 30. Kf1 Qxg2+ 31. Kxg2 Ne1+ 32. Kg3 Nxc2 33. Kf4 f6 34. Ke4 Kf7 35. a4 Ke7 36. Kd3 Nb4+ 37. Kc4 a5 38. Kb5 Nxd5 39. Kxa5 Kd6 40. Kb5 Nc7+ 41. Kb6 g5 42. a5 h5 43. a6 g4 44. hxg4 h4 0-1

[Event "Hamburg-ch MA"]
[Site "Hamburg"]
[Date "2015.05.30"]
[Round "8"]
[White "Emami, Madjid"]
[Black "Schulz, Hans Juergen"]
[Result "1/2-1/2"]
[WhiteElo "2045"]
[BlackElo "1958"]
[PlyCount "77"]
[EventDate "2015.05.23"]
[EventType "swiss"]
[EventRounds "9"]
[EventCountry "GER"]
[SourceTitle "EXT 2022"]
[Source "ChessBase"]
[SourceDate "2021.10.06"]
[SourceVersion "1"]
[SourceVersionDate "2021.10.06"]
[SourceQuality "1"]

1. Nf3 d5 2. g3 c5 3. Bg2 Nc6 4. 0-0 e5 5. d3 Be7 6. e4 d4 7. a4 Be6 8. Nbd2 Nf6 9. Nc4 Nd7 10. Bd2 0-0 11. Ne1 f5 12. f4 Qe8 13. exf5 Bxf5 14. fxe5 Ndxe5 15. Nxe5 Nxe5 16. Bxb7 Rb8 17. Bd5+ Kh8 18. b3 Qd7 19. Bg2 Bg4 20. Nf3 Ng6 21. Rf2 Rf7 22. Qe2 Rbf8 23. Raf1 Bd6 24. Qe1 h6 25. c3 Re7 26. Qc1 Ref7 27. cxd4 Bxf3 28. Rxf3 Rxf3 29. Rxf3 Rxf3 30. Bxf3 cxd4 31. Be4 Qg4 32. Bxh6 Bxg3 33. Qg5 Qd1+ 34. Kg2 Bc7 35. Qxg6 Qe2+ 36. Kh3 Qxh2+ 37. Kg4 Qg3+ 38. Kf5 Qe5+ 39. Kg4 1/2-1/2

[Event "Hamburg-ch MA"]
[Site "Hamburg"]
[Date "2015.05.26"]
[Round "4"]
[White "Atri, Jamshid"]
[Black "Emami, Madjid"]
[Result "1/2-1/2"]
[WhiteElo "1990"]
[BlackElo "2045"]
[PlyCount "111"]
[EventDate "2015.05.23"]
[EventType "swiss"]
[EventRounds "9"]
[EventCountry "GER"]
[SourceTitle "EXT 2022"]
[Source "ChessBase"]
[SourceDate "2021.10.06"]
[SourceVersion "1"]
[SourceVersionDate "2021.10.06"]
[SourceQuality "1"]

1. e4 e6 2. d4 d5 3. Nc3 Bb4 4. e5 b6 5. a3 Bf8 6. f4 Ne7 7. Nf3 h6 8. Be3 Qd7 9. a4 a5 10. Bb5 c6 11. Bd3 Ba6 12. 0-0 Bxd3 13. Qxd3 g6 14. Ne2 Na6 15. h3 Nf5 16. Bf2 Be7 17. g4 Ng7 18. Ng3 Nc7 19. Ne1 h5 20. Ng2 hxg4 21. hxg4 0-0-0 22. Ne3 Rh3 23. Kg2 Rdh8 24. Rh1 Rxh1 25. Rxh1 Rxh1 26. Kxh1 Qe8 27. Kg2 Qh8 28. f5 gxf5 29. gxf5 Nh5 30. Nxh5 Qxh5 31. f6 Bf8 32. Qd1 Qh7 33. Qg4 Kd7 34. Qh4 Qg8+ 35. Qg4 Qh7 36. Qh4 Qg8+ 37. Kf1 Na6 38. Qh5 Nb8 39. Ng2 c5 40. c3 Nc6 41. Nf4 cxd4 42. cxd4 Bb4 43. Be3 Bf8 44. Nh3 Kc7 45. Ng5 Nd8 46. Bd2 Kb7 47. b3 Ba3 48. Qh7 Qxh7 49. Nxh7 Kc7 50. Ke2 Kd7 51. Kd3 Nc6 52. Ng5 Ke8 53. Nf3 Kf8 54. Ne1 Kg8 55. Nc2 Bf8 56. Ne3 1/2-1/2